000 nam a22 7a 4500
999 _c8172
_d8172
008 171205b xxu||||| |||| 00| 0 eng d
100 _aAggarwal
_94605
245 _aHow to play Tabla
260 _aNew Delhi
_bCreative Publication